| 000 | 00999nam0a22002411 4500 | ||
|---|---|---|---|
| 001 | v19\rc\1890683 | ||
| 005 | 20250619172301.0 | ||
| 035 | _a(NLR Aleph) 004978191 | ||
| 090 |
_a6156840 _c6156840 |
||
| 100 | _a20080221d1911 |||y0rusy50 ca | ||
| 101 | 0 | _arus | |
| 102 | _aRU | ||
| 105 | _ab b ||||| | ||
| 200 | 1 | _aГлавные основания учреждения железнодорожных обществ Азовской горнозаводской (линии Штеровка-Мариуполь и Таганрог-Розовка) и Западной Екатерининской (линия Долинская-Казатин с ветвью на Винницу) | |
| 210 |
_aСанкт-Петербург _d1911 |
||
| 215 |
_a14 с., 1 л. карт. _d36 |
||
| 710 | 0 | 2 | _aАзовская горнозаводская ж. д. |
| 801 | 0 |
_aRU _bNLR _gpsbo |
|
| 801 | 0 |
_aRU _bRuMoRGB _2psbo |
|
| 801 | 1 |
_aRU _bProSoft-M _2rusmarc |
|
| 852 |
_aNLR _j37.59.1.320 |
||
| 942 | _cBOOK | ||
| 980 | _aNB | ||